[Event "DEM U12w 2023"]
[Site "Willingen GER"]
[Date "2023.05.28"]
[Round "1"]
[White "Komar, Valerie"]
[Black "Margaryan, Mari"]
[Result "1-0"]
[Termination "normal"]
[Board "19"]
[WhiteElo "1379"]
[BlackElo "949"]
[WhiteClock "01:06:02"]
[BlackClock "01:11:21"]
[PlyCount "49"]
[WhiteFideId "34139664"]
[BlackFideId "16279700"]
[EventCountry "GER"]
[EventRounds "9"]
[EventType "swiss"]
[EventDate "2023.05.27"]

1. e4 {[%clk 01:30:57]  [%emt 00:00:03]} 1... e6 {[%clk 01:30:49]  [%emt
00:00:11]} 2. d4 {[%clk 01:31:22]  [%emt 00:00:05]} 2... d5 {[%clk 01:31:10] 
[%emt 00:00:10]} 3. e5 {[%clk 01:31:47]  [%emt 00:00:05]} 3... c5 {[%clk
01:31:32]  [%emt 00:00:07]} 4. c3 {[%clk 01:32:11]  [%emt 00:00:06]} 4... Nc6
{[%clk 01:31:47]  [%emt 00:00:15]} 5. Nf3 {[%clk 01:32:33]  [%emt 00:00:07]}
5... cxd4 {[%clk 01:31:47]  [%emt 00:00:31]} 6. cxd4 {[%clk 01:32:56]  [%emt
00:00:07]} 6... Qb6 {[%clk 01:31:17]  [%emt 00:00:59]} 7. Nc3 {[%clk 01:28:57] 
[%emt 00:04:30]} 7... Nge7 {[%clk 01:31:06]  [%emt 00:00:41]} 8. Na4 {[%clk
01:24:15]  [%emt 00:05:11]} 8... Qc7 {[%clk 01:28:19]  [%emt 00:03:17]} 9. Nc5
{[%clk 01:24:34]  [%emt 00:00:09]} 9... b6 {[%clk 01:27:49]  [%emt 00:01:03]}
10. Nb3 {[%clk 01:24:38]  [%emt 00:00:24]} 10... Nf5 {[%clk 01:27:32]  [%emt
00:00:49]} 11. Bd2 {[%clk 01:23:54]  [%emt 00:01:12]} 11... Nb4 {[%clk
01:27:34]  [%emt 00:00:31]} 12. Rc1 {[%clk 01:23:41]  [%emt 00:00:39]} 12...
Qd7 {[%clk 01:26:42]  [%emt 00:01:26]} 13. a3 {[%clk 01:23:24]  [%emt
00:00:47]} 13... Na6 {[%clk 01:24:21]  [%emt 00:02:50]} 14. Rc3 {[%clk
01:16:25]  [%emt 00:07:29]} 14... Nc7 {[%clk 01:23:24]  [%emt 00:01:27]} 15.
Qc2 {[%clk 01:16:11]  [%emt 00:00:41]} 15... Kd8 {[%clk 01:21:51]  [%emt
00:02:07]} 16. Be2 {[%clk 01:14:11]  [%emt 00:02:29]} 16... Nb5 {[%clk
01:21:23]  [%emt 00:00:57]} 17. Bxb5 {[%clk 01:13:56]  [%emt 00:00:47]} 17...
Qxb5 {[%clk 01:21:23]  [%emt 00:00:28]} 18. Ng5 {[%clk 01:13:58]  [%emt
00:00:28]} 18... Ba6 {[%clk 01:20:38]  [%emt 00:01:16]} 19. Be3 {[%clk
01:12:19]  [%emt 00:02:09]} 19... Ke8 {[%clk 01:19:51]  [%emt 00:01:17]} 20.
Rc7 {[%clk 01:11:53]  [%emt 00:00:56]} 20... Be7 {[%clk 01:15:15]  [%emt
00:05:06]} 21. Nc1 {[%clk 01:10:39]  [%emt 00:01:42]} 21... Nxe3 {[%clk
01:14:47]  [%emt 00:01:00]} 22. fxe3 {[%clk 01:05:03]  [%emt 00:06:07]} 22...
Bxg5 {[%clk 01:13:15]  [%emt 00:02:00]} 23. Nd3 {[%clk 01:05:11]  [%emt
00:00:22]} 23... Qxd3 {[%clk 01:12:11]  [%emt 00:01:35]} 24. Qc6+ {[%clk
01:05:37]  [%emt 00:00:04]} 24... Kd8 {[%clk 01:11:21]  [%emt 00:01:19]} 25.
Qd7# {[%clk 01:06:02]  [%emt 00:00:06]} 1-0

[Event "DEM U12w 2023"]
[Site "Willingen GER"]
[Date "2023.05.28"]
[Round "1"]
[White "Baus, Louise Marie"]
[Black "Tu, Audrey"]
[Result "0-1"]
[Termination "normal"]
[Board "20"]
[WhiteElo "759"]
[BlackElo "1313"]
[WhiteClock "01:21:36"]
[BlackClock "00:10:30"]
[PlyCount "60"]
[WhiteFideId "34660291"]
[BlackFideId "34628568"]
[EventCountry "GER"]
[EventRounds "9"]
[EventType "swiss"]
[EventDate "2023.05.27"]

1. e4 {[%clk 01:30:59]  [%emt 00:00:01]} 1... e5 {[%clk 01:30:54]  [%emt
00:00:06]} 2. Nf3 {[%clk 01:31:23]  [%emt 00:00:05]} 2... Nc6 {[%clk 00:00:00] 
[%emt 00:00:50]} 3. Nc3 {[%clk 00:00:00]  [%emt 00:00:27]} 3... Nf6 {[%clk
01:33:43]  [%emt 00:00:30]} 4. d4 {[%clk 01:32:28]  [%emt 00:00:19]} 4... exd4
{[%clk 01:32:05]  [%emt 00:02:09]} 5. Nxd4 {[%clk 01:32:29]  [%emt 00:00:28]}
5... Bb4 {[%clk 01:26:21]  [%emt 00:06:14]} 6. Nxc6 {[%clk 01:31:59]  [%emt
00:00:59]} 6... bxc6 {[%clk 01:24:26]  [%emt 00:02:26]} 7. Bd3 {[%clk 01:31:56]
 [%emt 00:00:33]} 7... O-O {[%clk 01:16:17]  [%emt 00:08:38]} 8. O-O {[%clk
01:32:15]  [%emt 00:00:12]} 8... d5 {[%clk 01:10:39]  [%emt 00:05:16]} 9. Bg5
{[%clk 01:31:34]  [%emt 00:02:03]} 9... Bxc3 {[%clk 01:09:20]  [%emt 00:01:51]}
10. bxc3 {[%clk 01:31:15]  [%emt 00:00:48]} 10... dxe4 {[%clk 01:08:32]  [%emt
00:01:19]} 11. Bxf6 {[%clk 01:30:24]  [%emt 00:01:07]} 11... Qxf6 {[%clk
01:03:39]  [%emt 00:05:35]} 12. Bxe4 {[%clk 01:30:06]  [%emt 00:00:49]} 12...
Qxc3 {[%clk 00:58:53]  [%emt 00:05:16]} 13. Qd3 {[%clk 01:28:42]  [%emt
00:01:53]} 13... Qxd3 {[%clk 00:49:29]  [%emt 00:09:56]} 14. cxd3 {[%clk
01:28:54]  [%emt 00:00:17]} 14... Ba6 {[%clk 00:47:40]  [%emt 00:02:19]} 15.
Rad1 {[%clk 01:28:05]  [%emt 00:01:15]} 15... Rad8 {[%clk 00:44:26]  [%emt
00:03:49]} 16. Rfe1 {[%clk 01:26:42]  [%emt 00:01:51]} 16... c5 {[%clk
00:38:47]  [%emt 00:06:10]} 17. Re3 {[%clk 01:26:05]  [%emt 00:01:06]} 17...
Rfe8 {[%clk 00:34:25]  [%emt 00:04:53]} 18. Bc6 {[%clk 01:24:29]  [%emt
00:02:04]} 18... Rxe3 {[%clk 00:34:00]  [%emt 00:00:56]} 19. fxe3 {[%clk
01:24:43]  [%emt 00:00:16]} 19... Rxd3 {[%clk 00:33:07]  [%emt 00:01:23]} 20.
Re1 {[%clk 01:24:35]  [%emt 00:00:37]} 20... Ra3 {[%clk 00:25:21]  [%emt
00:08:16]} 21. Bd5 {[%clk 01:24:07]  [%emt 00:00:55]} 21... g6 {[%clk 00:12:56]
 [%emt 00:12:59]} 22. e4 {[%clk 01:23:57]  [%emt 00:00:40]} 22... c6 {[%clk
00:12:49]  [%emt 00:00:38]} 23. Bb3 {[%clk 01:23:41]  [%emt 00:00:45]} 23... c4
{[%clk 00:12:34]  [%emt 00:00:45]} 24. Bd1 {[%clk 01:22:51]  [%emt 00:01:17]}
24... Rxa2 {[%clk 00:12:43]  [%emt 00:00:24]} 25. e5 {[%clk 01:22:54]  [%emt
00:00:26]} 25... Ra1 {[%clk 00:09:52]  [%emt 00:03:22]} 26. Rf1 {[%clk
01:22:36]  [%emt 00:00:46]} 26... c3 {[%clk 00:09:29]  [%emt 00:00:55]} 27. Re1
{[%clk 01:21:41]  [%emt 00:01:25]} 27... c2 {[%clk 00:09:23]  [%emt 00:00:36]}
28. Be2 {[%clk 01:21:28]  [%emt 00:00:42]} 28... Rxe1+ {[%clk 00:09:46]  [%emt
00:00:08]} 29. Kf2 {[%clk 01:21:40]  [%emt 00:00:17]} 29... Rxe2+ {[%clk
00:10:11]  [%emt 00:00:05]} 30. Kf3 {[%clk 01:21:36]  [%emt 00:00:34]} 30...
c1=Q {[%clk 00:10:30]  [%emt 00:00:12]  Ke4  [%emt 00:00:48]} 0-1

[Event "DEM U12w 2023"]
[Site "Willingen GER"]
[Date "2023.05.28"]
[Round "1"]
[White "Averkova, Mariia"]
[Black "Neumann, Anna-Lena"]
[Result "1-0"]
[Termination "normal"]
[Board "21"]
[WhiteElo "1367"]
[BlackElo "740"]
[WhiteClock "00:25:18"]
[BlackClock "01:09:36"]
[PlyCount "59"]
[WhiteFideId "34651470"]
[BlackFideId "34660321"]
[EventCountry "GER"]
[EventRounds "9"]
[EventType "swiss"]
[EventDate "2023.05.27"]

1. e4 {[%clk 01:30:57]  [%emt 00:00:02]} 1... e5 {[%clk 01:30:51]  [%emt
00:00:10]} 2. Nf3 {[%clk 01:31:21]  [%emt 00:00:06]} 2... Nc6 {[%clk 01:31:08] 
[%emt 00:00:13]} 3. d4 {[%clk 01:31:39]  [%emt 00:00:11]} 3... exd4 {[%clk
01:30:54]  [%emt 00:00:44]} 4. Bc4 {[%clk 01:31:56]  [%emt 00:00:13]} 4... Nf6
{[%clk 01:30:41]  [%emt 00:00:43]} 5. Nxd4 {[%clk 01:30:29]  [%emt 00:01:58]}
5... Ne5 {[%clk 01:29:41]  [%emt 00:01:29]} 6. Bd3 {[%clk 01:29:24]  [%emt
00:01:36]} 6... d5 {[%clk 01:29:29]  [%emt 00:00:42]} 7. exd5 {[%clk 01:26:29] 
[%emt 00:03:25]} 7... Nxd5 {[%clk 01:29:40]  [%emt 00:00:19]} 8. O-O {[%clk
01:24:35]  [%emt 00:02:24]} 8... Bc5 {[%clk 01:29:41]  [%emt 00:00:29]} 9. Nb3
{[%clk 01:23:26]  [%emt 00:01:38]} 9... Bb6 {[%clk 01:28:43]  [%emt 00:01:29]}
10. Re1 {[%clk 01:21:33]  [%emt 00:02:22]} 10... Qf6 {[%clk 01:27:16]  [%emt
00:01:56]} 11. Qe2 {[%clk 01:18:20]  [%emt 00:03:43]} 11... O-O {[%clk
01:27:12]  [%emt 00:00:36]} 12. Be3 {[%clk 01:03:59]  [%emt 00:14:51]} 12... c5
{[%clk 01:25:00]  [%emt 00:02:43]} 13. c4 {[%clk 00:55:13]  [%emt 00:09:16]}
13... Nb4 {[%clk 01:24:48]  [%emt 00:00:42]} 14. Be4 {[%clk 00:53:27]  [%emt
00:02:14]} 14... Rd8 {[%clk 01:24:11]  [%emt 00:01:08]} 15. Nc3 {[%clk
00:50:25]  [%emt 00:03:32]} 15... Be6 {[%clk 01:24:01]  [%emt 00:00:40]} 16.
Nd2 {[%clk 00:47:03]  [%emt 00:03:51]} 16... Ned3 {[%clk 01:20:40]  [%emt
00:03:51]} 17. Bxd3 {[%clk 00:43:24]  [%emt 00:04:10]} 17... Nxd3 {[%clk
01:20:23]  [%emt 00:00:46]} 18. Nde4 {[%clk 00:37:41]  [%emt 00:06:14]} 18...
Qg6 {[%clk 01:17:44]  [%emt 00:03:04]} 19. Red1 {[%clk 00:34:20]  [%emt
00:03:55]} 19... Bh3 {[%clk 01:17:49]  [%emt 00:00:26]} 20. Ng3 {[%clk
00:31:51]  [%emt 00:02:58]} 20... Bg4 {[%clk 01:16:05]  [%emt 00:02:13]} 21. f3
{[%clk 00:31:34]  [%emt 00:00:49]} 21... Bh3 {[%clk 01:15:07]  [%emt 00:01:28]}
22. Nd5 {[%clk 00:30:02]  [%emt 00:02:01]} 22... Re8 {[%clk 01:14:13]  [%emt
00:01:24]} 23. Qxd3 {[%clk 00:28:18]  [%emt 00:02:16]} 23... Bf5 {[%clk
01:12:45]  [%emt 00:01:57]} 24. Qxf5 {[%clk 00:27:52]  [%emt 00:00:56]} 24...
Qd6 {[%clk 01:10:45]  [%emt 00:02:27]} 25. Ne4 {[%clk 00:26:17]  [%emt
00:02:08]} 25... Qd8 {[%clk 01:10:49]  [%emt 00:00:23]} 26. Ndf6+ {[%clk
00:25:36]  [%emt 00:01:14]} 26... Qxf6 {[%clk 01:10:27]  [%emt 00:00:53]} 27.
Nxf6+ {[%clk 00:25:49]  [%emt 00:00:17]} 27... gxf6 {[%clk 01:10:01]  [%emt
00:00:55]} 28. Qg4+ {[%clk 00:25:27]  [%emt 00:00:52]} 28... Kf8 {[%clk
01:09:49]  [%emt 00:00:43]} 29. Re1 {[%clk 00:25:18]  [%emt 00:00:39]} 29...
Bc7 {[%clk 01:09:36]  [%emt 00:00:40]} 30. Bh6# {[%clk 00:25:18]  [%emt
00:00:34]} 1-0

[Event "DEM U12w 2023"]
[Site "Willingen GER"]
[Date "2023.05.28"]
[Round "2"]
[White "Margaryan, Mane"]
[Black "Wagner, Cosima Thien-An"]
[Result "0-1"]
[Termination "normal"]
[Board "1"]
[WhiteElo "1403"]
[BlackElo "1565"]
[WhiteClock "00:54:13"]
[BlackClock "00:10:58"]
[PlyCount "68"]
[WhiteFideId "16268237"]
[BlackFideId "34603484"]
[EventCountry "GER"]
[EventRounds "9"]
[EventType "swiss"]
[EventDate "2023.05.27"]

1. d4 {[%clk 01:30:59]} d5 {[%clk 01:30:55]} {[%emt 00:00:06]} 2. c4 {[%clk
01:31:25]} {[%emt 00:00:04]} dxc4 {[%clk 01:31:19]} {[%emt 00:00:06]} 3. e4
{[%clk 01:31:48]} {[%emt 00:00:06]} e5 {[%clk 01:31:43]} {[%emt 00:00:06]} 4.
d5 {[%clk 01:31:49]} {[%emt 00:00:30]} Nf6 {[%clk 01:31:51]} {[%emt 00:00:21]}
5. Nc3 {[%clk 01:31:24]} {[%emt 00:00:55]} b5 {[%clk 01:30:16]} {[%emt
00:02:06]} 6. a3 {[%clk 01:27:56]} {[%emt 00:03:58]} Bc5 {[%clk 01:25:08]}
{[%emt 00:05:38]} 7. Bg5 {[%clk 01:27:20]} {[%emt 00:01:05]} a6 {[%clk
01:19:26]} {[%emt 00:06:13]} 8. Nf3 {[%clk 01:25:42]} {[%emt 00:02:07]} Nbd7
{[%clk 01:16:24]} {[%emt 00:03:32]} 9. Be2 {[%clk 01:23:47]} {[%emt 00:02:25]}
O-O {[%clk 01:16:17]} {[%emt 00:00:37]} 10. O-O {[%clk 01:23:51]} {[%emt
00:00:26]} h6 {[%clk 01:15:26]} {[%emt 00:01:21]} 11. Bh4 {[%clk 01:24:02]}
{[%emt 00:00:18]} Bb7 {[%clk 01:13:36]} {[%emt 00:02:21]} 12. a4 {[%clk
01:22:31]} {[%emt 00:01:59]} c6 {[%clk 01:10:03]} {[%emt 00:04:05]} 13. b3
{[%clk 01:11:16]} {[%emt 00:11:46]} b4 {[%clk 01:02:52]} {[%emt 00:07:40]} 14.
dxc6 {[%clk 01:10:29]} {[%emt 00:01:17]} Bxc6 {[%clk 01:01:16]} {[%emt
00:02:07]} 15. Nd5 {[%clk 01:09:25]} {[%emt 00:01:30]} Bxd5 {[%clk 00:58:28]}
{[%emt 00:03:22]} 16. exd5 {[%clk 01:08:49]} {[%emt 00:01:05]} c3 {[%clk
00:55:46]} {[%emt 00:03:13]} 17. Bc4 {[%clk 01:06:05]} {[%emt 00:03:13]} e4
{[%clk 00:53:20]} {[%emt 00:02:56]} 18. Nd4 {[%clk 01:05:55]} {[%emt 00:00:38]}
Ne5 {[%clk 00:50:30]} {[%emt 00:03:23]} 19. Nc6 {[%clk 01:01:39]} {[%emt
00:04:44]} Nxc6 {[%clk 00:49:04]} {[%emt 00:01:57]} 20. dxc6 {[%clk 01:01:54]}
{[%emt 00:00:15]} Qxd1 {[%clk 00:47:13]} {[%emt 00:02:21]} 21. Raxd1 {[%clk
01:01:52]} {[%emt 00:00:32]} g5 {[%clk 00:45:59]} {[%emt 00:01:44]} 22. Bg3
{[%clk 01:01:59]} {[%emt 00:00:23]} e3 {[%clk 00:39:48]} {[%emt 00:06:41]} 23.
fxe3 {[%clk 00:59:49]} {[%emt 00:02:40]} Bxe3+ {[%clk 00:39:42]} {[%emt
00:00:37]} 24. Kh1 {[%clk 00:59:47]} {[%emt 00:00:31]} c2 {[%clk 00:33:14]}
{[%emt 00:06:58]} 25. Rc1 {[%clk 00:58:44]} {[%emt 00:01:33]} Bxc1 {[%clk
00:33:15]} {[%emt 00:00:29]} 26. Rxc1 {[%clk 00:59:06]} {[%emt 00:00:08]} Rfd8
{[%clk 00:30:23]} {[%emt 00:03:23]} 27. Be2 {[%clk 00:57:24]} {[%emt 00:02:10]}
Rd2 {[%clk 00:23:10]} {[%emt 00:07:44]} 28. h3 {[%clk 00:56:52]} {[%emt
00:01:02]} Rxe2 {[%clk 00:22:57]} {[%emt 00:00:43]} 29. c7 {[%clk 00:56:10]}
{[%emt 00:01:12]} Rd2 {[%clk 00:20:50]} {[%emt 00:02:36]} 30. Kh2 {[%clk
00:56:17]} {[%emt 00:00:23]} a5 {[%clk 00:17:12]} {[%emt 00:04:09]} 31. Be5
{[%clk 00:54:36]} {[%emt 00:02:12]} Nd5 {[%clk 00:14:36]} {[%emt 00:03:05]} 32.
Bd6 {[%clk 00:53:51]} {[%emt 00:01:16]} Nxc7 {[%clk 00:13:01]} {[%emt
00:02:05]} 33. Bxc7 {[%clk 00:54:06]} {[%emt 00:00:14]} Rc8 {[%clk 00:11:31]}
{[%emt 00:02:00]} 34. Bxa5 {[%clk 00:54:13]} {[%emt 00:00:23]} Rd1 {[%clk
00:10:58]} {[%emt 00:01:03]} 0-1

[Event "DEM U12w 2023"]
[Site "Willingen GER"]
[Date "2023.05.28"]
[Round "2"]
[White "Kovalskyy, Alicia"]
[Black "Ramakrishnan, Veda"]
[Result "0-1"]
[Termination "normal"]
[Board "2"]
[WhiteElo "1496"]
[BlackElo "1231"]
[WhiteClock "00:00:35"]
[BlackClock "00:50:59"]
[PlyCount "88"]
[WhiteFideId "34612130"]
[BlackFideId "16269519"]
[EventCountry "GER"]
[EventRounds "9"]
[EventType "swiss"]
[EventDate "2023.05.27"]

1. e4 {[%clk 01:30:57]} {[%emt 00:00:02]} c6 {[%clk 01:30:54]} {[%emt
00:00:06]} 2. d4 {[%clk 01:31:23]} {[%emt 00:00:04]} d5 {[%clk 01:31:16]}
{[%emt 00:00:07]} 3. e5 {[%clk 01:31:51]} {[%emt 00:00:03]} c5 {[%clk
01:31:40]} {[%emt 00:00:07]} 4. c3 {[%clk 01:31:35]} {[%emt 00:00:46]} Nc6
{[%clk 01:31:50]} {[%emt 00:00:19]} 5. Nf3 {[%clk 01:30:38]} {[%emt 00:01:27]}
Bg4 {[%clk 01:32:01]} {[%emt 00:00:20]} 6. Be2 {[%clk 01:30:11]} {[%emt
00:00:57]} e6 {[%clk 01:32:08]} {[%emt 00:00:22]} 7. h3 {[%emt 00:01:46]} Bxf3
{[%clk 01:32:22]} {[%emt 00:00:13]} 8. Bxf3 {[%clk 01:28:53]} {[%emt 00:00:35]}
cxd4 {[%clk 01:32:43]} {[%emt 00:00:10]} 9. cxd4 {[%clk 01:11:14]} {[%emt
00:18:09]} Qb6 {[%clk 01:33:00]} {[%emt 00:00:13]} 10. O-O {[%clk 00:52:52]}
{[%emt 00:18:52]} Qxd4 {[%clk 01:32:42]} {[%emt 00:00:48]} 11. Qxd4 {[%clk
00:52:56]} {[%emt 00:00:25]} Nxd4 {[%clk 01:33:03]} {[%emt 00:00:09]} 12. Bd1
{[%clk 00:53:18]} {[%emt 00:00:08]} Bb4 {[%clk 01:32:44]} {[%emt 00:00:46]} 13.
Be3 {[%clk 00:43:56]} {[%emt 00:09:55]} Nc6 {[%clk 01:31:46]} {[%emt 00:01:23]}
14. Ba4 {[%clk 00:41:53]} {[%emt 00:02:38]} Nge7 {[%clk 01:31:15]} {[%emt
00:01:01]} 15. Rc1 {[%clk 00:33:52]} {[%emt 00:08:27]} O-O {[%clk 01:29:20]}
{[%emt 00:02:29]} 16. a3 {[%clk 00:31:18]} {[%emt 00:03:04]} Ba5 {[%clk
01:29:13]} {[%emt 00:00:38]} 17. Bc5 {[%clk 00:31:30]} {[%emt 00:00:15]} Rfd8
{[%clk 01:16:27]} {[%emt 00:13:18]} 18. b4 {[%clk 00:29:23]} {[%emt 00:02:38]}
Bb6 {[%clk 01:16:09]} {[%emt 00:00:48]} 19. Bd6 {[%clk 00:21:16]} {[%emt
00:08:37]} Nf5 {[%clk 01:10:37]} {[%emt 00:06:02]} 20. Bxc6 {[%clk 00:16:46]}
{[%emt 00:05:00]} bxc6 {[%clk 01:10:35]} {[%emt 00:00:31]} 21. Rxc6 {[%clk
00:16:32]} {[%emt 00:00:45]} Nxd6 {[%clk 01:10:44]} {[%emt 00:00:20]} 22. exd6
{[%clk 00:17:00]} {[%emt 00:00:03]} Rac8 {[%clk 01:10:52]} {[%emt 00:00:22]}
23. Rxc8 {[%clk 00:16:43]} {[%emt 00:00:47]} Rxc8 {[%clk 01:08:58]} {[%emt
00:02:24]} 24. Nd2 {[%clk 00:17:06]} {[%emt 00:00:06]} Rd8 {[%clk 01:07:50]}
{[%emt 00:01:38]} 25. Rc1 {[%clk 00:16:58]} {[%emt 00:00:38]} Rxd6 {[%clk
01:07:06]} {[%emt 00:01:15]} 26. Nf3 {[%clk 00:16:30]} {[%emt 00:00:57]} h6
{[%clk 01:05:29]} {[%emt 00:02:07]} 27. a4 {[%clk 00:15:38]} {[%emt 00:01:23]}
Rd7 {[%clk 01:01:46]} {[%emt 00:04:12]} 28. Ne5 {[%clk 00:13:41]} {[%emt
00:02:28]} Rc7 {[%clk 01:00:51]} {[%emt 00:01:23]} 29. Rxc7 {[%clk 00:10:04]}
{[%emt 00:04:08]} Bxc7 {[%clk 01:01:14]} {[%emt 00:00:07]} 30. f4 {[%clk
00:09:07]} {[%emt 00:01:27]} Bxe5 {[%clk 00:58:23]} {[%emt 00:03:22]} 31. fxe5
{[%clk 00:09:28]} {[%emt 00:00:08]} Kf8 {[%clk 00:58:48]} {[%emt 00:00:06]} 32.
Kf2 {[%clk 00:09:47]} {[%emt 00:00:10]} f6 {[%clk 00:57:13]} {[%emt 00:02:05]}
33. exf6 {[%clk 00:07:34]} {[%emt 00:02:43]} gxf6 {[%clk 00:57:18]} {[%emt
00:00:25]} 34. Ke3 {[%clk 00:04:31]} {[%emt 00:03:33]} e5 {[%clk 00:57:04]}
{[%emt 00:00:44]} 35. g4 {[%clk 00:04:25]} {[%emt 00:00:35]} Ke7 {[%clk
00:57:05]} {[%emt 00:00:29]} 36. Kd3 {[%clk 00:03:05]} {[%emt 00:01:49]} Ke6
{[%clk 00:54:33]} {[%emt 00:03:04]} 37. h4 {[%clk 00:02:30]} {[%emt 00:01:05]}
Kd6 {[%clk 00:52:29]} {[%emt 00:02:34]} 38. Kc3 {[%clk 00:01:48]} {[%emt
00:01:13]} d4+ {[%clk 00:52:26]} {[%emt 00:00:33]} 39. Kc4 {[%clk 00:01:47]}
{[%emt 00:00:31]} Kc6 {[%clk 00:52:27]} {[%emt 00:00:28]} 40. a5 {[%clk
00:01:10]} {[%emt 00:01:07]} a6 {[%clk 00:51:34]} {[%emt 00:01:24]} 41. h5
{[%clk 00:01:24]} {[%emt 00:00:16]} Kc7 {[%clk 00:50:22]} {[%emt 00:01:42]} 42.
Kd3 {[%clk 00:00:56]} {[%emt 00:00:58]} Kb7 {[%clk 00:50:30]} {[%emt 00:00:21]}
43. Kc4 {[%clk 00:01:07]} {[%emt 00:00:20]} Kc6 {[%clk 00:50:49]} {[%emt
00:00:10]} 44. Kd3 {[%clk 00:00:35]} {[%emt 00:01:02]} Kb5 {[%clk 00:50:59]}
{[%emt 00:00:20]} 0-1